Statistics for Three Real and One Fake - Maths

Click here to take the quiz!

General Stats

  • This quiz has been taken 153 times
  • The average score is 7 of 15

Answer Stats

QuestionAnswer% Correct
Things that can be represented by a symbol commonly found on a QWERTY keyboardLimit
70%
Prime numbers91
68%
Real numbers
63%
Mathematicians who made significant contributions to number theoryIsaac Newton
55%
Theories in mathsGirth theory
54%
Trigonometric functionsBicosine
53%
Regular (Platonic) three-dimensional shapesEnneahedron
52%
Distributions in statisticsConjunct distribution
51%
Mathematical terminology relating to vegetationBud
50%
Things there are known to be infinitely many ofPerfect numbers
46%
"Fundamental" theoremsFundamental theorem of geometry
34%
Triangle centres (a triangle centre is a point that can be defined as the "centre" of the triangle by some metric)Epicentre
33%
Mathematicians of the 20th centuryBernhard Riemann
30%
Square numbers4792
26%
Constants named after individualsFermat's number
25%

Score Distribution

Percentile by Number Answered

Percent of People with Each Score

Your Score History

You have not taken this quiz